00488pam a2200169 a 4500020002800000040002300028041001000051082001700061100002200078245007000100250001700170260004500187300001400232365001200246653001700258700004300275 c1433.33 (Paper Binding) aDental College Lib aengh a617.522bCOT aCottone, James A. aPractical Infection Control in Dentistry / c.hTextual Documents a1st ed / b. aPhiladelphia : blea & Febiger , c1991. a446 ; c. a1433.33 aOral Surgery aTerezhalmy, Geza T.aMolinari, John A.